header

Patent valuation (Record no. 52762)

MARC details
000 -LEADER
fixed length control field 03042nam a2200397 a 4500
082 04 - DEWEY DECIMAL CLASSIFICATION NUMBER
Classification number 657/.4
100 1# - MAIN ENTRY--AUTHOR NAME
Personal name Murphy, William J.
245 10 - TITLE STATEMENT
Title Patent valuation
250 ## - EDITION STATEMENT
Edition statement 1st ed.
260 ## - PUBLICATION, DISTRIBUTION, ETC. (IMPRINT)
Place of publication Hoboken, N.J. :
Name of publisher Wiley,
Year of publication 2012.
300 ## - PHYSICAL DESCRIPTION
Number of Pages xiv, 379 p. :
Other physical details ill.
490 0# - SERIES STATEMENT
Series statement Wiley finance series
505 0# - FORMATTED CONTENTS NOTE
Formatted contents note pt. 1. Foundations for patent valuation and decision making -- pt. 2. Patent valuation techniques -- pt. 3. Patent valuation in practice.
520 ## - SUMMARY, ETC.
Summary, etc "A practical resource for valuing patents that is accessible to the complete spectrum of decision makers in the patent processIn today's economy, patents tend to be the most important of the intellectual property (IP) assets. It is often the ability to create, manage, defend, and extract value from patents that can distinguish competitive success and significant wealth creation from competitive failure and economic waste. Patent Valuation enhances the utility and value of patents by providing IP managers, IP creators, attorneys, and government officials with a useable resource that allows them to use actual or implied valuations when making patent-related decisions. Involves a combination of techniques for describing patent valuation Includes descriptions of various topics, illustrative cases, step-by-step valuation techniques, user-friendly procedures and checklists, and examples Serves as a useable resource that allows IP managers to use actual or implied valuations when making patent-related decisions One of the most fundamental premises of the book is that these valuation skills can be made accessible to each of the various decision makers in the patent process. Patent Valuation involves narrative descriptions of the various topics, illustrative cases, step-by-step valuation techniques, user-friendly procedures and checklists, and an abundance of examples to demonstrate the more complex concepts"--
650 #0 - SUBJECT ADDED ENTRY--TOPICAL TERM
Topical Term Valuation
Topical Term Decision making.
Topical Term Patents
700 1# - ADDED ENTRY--PERSONAL NAME
Personal name Orcutt, John L.
Personal name Remus, Paul C.,
856 40 - ELECTRONIC LOCATION AND ACCESS
Uniform Resource Identifier http://site.ebrary.com/lib/rucke/Doc?id=10630493
520 ## - SUMMARY, ETC.
-- Provided by publisher.

No items available.

© 2026 Rongo University
Contact us: librarian | system librarian | Rongo university